000 00743nam a22002890a 4500
001 UByD000512
003 AR-LpoUNG
005 20220526221936.0
008 220524s2015||||ag |||||||||||||||||spa d
020 _a9789877182323
040 _aAR-LpoUNG
_bspa
_cAR-LpoUNG
_eaacr
041 _aspa
044 _aag
082 0 _a808.068 3 454cen
100 1 _aPerrault, Charles
245 1 0 _aCenicienta
250 _a1ra. ed.
260 _aBuenos Aires :
_bEdiciones Lea,
_c2015.
300 _a[80] p. :
_bil.
505 0 _aSugerido a partir de 6 años (etiqueta AMARILLA)
650 4 _aCUENTOS
650 4 _aLITERATURA
653 _aLITERATURA INFANTIL
700 1 _aMorón, Martín
_eil.
905 _a60921
942 _cLIB
_2ddc
999 _c63197
_d63197